Welcome to CU Library Online Public Access Catalogue (OPAC)

Blueprints medicine / (Record no. 3254)

MARC details
000 -LEADER
fixed length control field 01182cam a22003014a 4500
001 - CONTROL NUMBER
control field 14257296
005 - DATE AND TIME OF LATEST TRANSACTION
control field 20250130140238.0
008 - FIXED-LENGTH DATA ELEMENTS--GENERAL INFORMATION
fixed length control field 060203s2007 pauaf b 001 0 eng
020 ## - INTERNATIONAL STANDARD BOOK NUMBER
International Standard Book Number 1405105003
020 ## - INTERNATIONAL STANDARD BOOK NUMBER
International Standard Book Number 9781405105002
050 10 - LIBRARY OF CONGRESS CALL NUMBER
Classification number RC59
Item number .Y68 2007
082 00 - DEWEY DECIMAL CLASSIFICATION NUMBER
Classification number 616.0076
Edition information 22
100 1# - MAIN ENTRY--PERSONAL NAME
Personal name Young, Vincent B.
245 10 - TITLE STATEMENT
Title Blueprints medicine /
Statement of responsibility, etc. Vincent B. Young, William A. Kormos, Davoren A. Chick ; senior faculty advisor, Allan H. Goroll.
250 ## - EDITION STATEMENT
Edition statement 4th ed.
260 ## - PUBLICATION, DISTRIBUTION, ETC.
Place of publication, distribution, etc. Philadelphia :
Name of publisher, distributor, etc. Lippincott Williams & Wilkins,
Date of publication, distribution, etc. c2007.
300 ## - PHYSICAL DESCRIPTION
Extent xi, 403 p., [6] p. of plates :
Other physical details ill. (some col.) ;
Dimensions 26 cm.
440 #0 - SERIES STATEMENT/ADDED ENTRY--TITLE
Title Blueprints
500 ## - GENERAL NOTE
General note Rev ed. of: Blueprints medicine / Vincent B. Young, William A. Kormos. c2004.
650 #0 - SUBJECT ADDED ENTRY--TOPICAL TERM
Topical term or geographic name entry element Internal medicine
Form subdivision Outlines, syllabi, etc.
650 12 - SUBJECT ADDED ENTRY--TOPICAL TERM
Topical term or geographic name entry element Internal Medicine
Form subdivision Examination Questions.
700 1# - ADDED ENTRY--PERSONAL NAME
Personal name Kormos, William A.
700 1# - ADDED ENTRY--PERSONAL NAME
Personal name Chick, Davoren A.
700 1# - ADDED ENTRY--PERSONAL NAME
Personal name Goroll, Allan H.
856 41 - ELECTRONIC LOCATION AND ACCESS
Materials specified Table of contents
Uniform Resource Identifier <a href="http://www.loc.gov/catdir/toc/ecip068/2006004035.html">http://www.loc.gov/catdir/toc/ecip068/2006004035.html</a>
856 42 - ELECTRONIC LOCATION AND ACCESS
Materials specified Publisher description
Uniform Resource Identifier <a href="http://www.loc.gov/catdir/enhancements/fy0712/2006004035-d.html">http://www.loc.gov/catdir/enhancements/fy0712/2006004035-d.html</a>
942 ## - ADDED ENTRY ELEMENTS (KOHA)
Source of classification or shelving scheme Library of Congress Classification
Koha item type Books
Edition 4th ed.
Suppress in OPAC No
999 ## -
-- 3254
-- 3254
Holdings
Withdrawn status Lost status Source of classification or shelving scheme Damaged status Not for loan Collection Home library Current library Shelving location Date acquired Total checkouts Full call number Barcode Date last seen Copy number Price effective from Koha item type
    Library of Congress Classification     Non-fiction Science Library (Miotso) Science Library (Miotso) General stacks 01/30/2025   RC59 .Y68 YOU SLM00002640 01/30/2025 1 01/30/2025 Books
© 2023-2024 Copyright: Central University Libraries. All Rights Reserved | Created by: Mahone Tech Office